[Event "Deutsche Ländermeisterschaft 2016"]
[Site "Hannover GER"]
[Date "2016.10.02"]
[Round "3"]
[White "Holtel, Jasper"]
[Black "Schnabel, Bennett"]
[Result "1-0"]
[Termination "normal"]
[Board "6.2"]
[WhiteTitle "FM"]
[WhiteElo "2194"]
[BlackElo "1948"]
[WhiteTeam "Nordrhein-Westfalen"]
[BlackTeam "Berlin"]
[PlyCount "95"]
[WhiteFideId "12956376"]
[BlackFideId "12943290"]
[EventCountry "GER"]
[EventRounds "7"]
[EventType "team-swiss"]
[EventDate "2016.09.30"]

1. e4 d5 2. exd5 Qxd5 3. Nc3 Qd6 4. d4 Nf6 5. Nf3 a6 6. g3 Bg4 7. h3 Bh5 8. Bf4
Qb4 9. Bg2 Nc6 10. a3 Qb6 11. g4 Bg6 12. Na4 Qa5+ 13. c3 O-O-O 14. O-O h5 15.
Ne5 Nxe5 16. Bxe5 Be4 17. b4 Qb5 18. c4 Qb6 19. b5 axb5 20. cxb5 Qxb5 21. Nc3
Qxe5 22. dxe5 Rxd1 23. Rfxd1 Bxg2 24. Kxg2 Nh7 25. e6 Ng5 26. exf7 Nxf7 27. a4
hxg4 28. hxg4 g5 29. Rac1 Nd6 30. Nb5 c6 31. Rh1 Bg7 32. Rxh8+ Bxh8 33. Nxd6+
exd6 34. f4 gxf4 35. Kf3 Be5 36. Ke4 Kc7 37. g5 c5 38. Kd5 Kb6 39. Rb1+ Ka6 40.
g6 f3 41. Kc4 f2 42. Rf1 Kb6 43. Rxf2 Kc6 44. Rf7 d5+ 45. Kd3 c4+ 46. Kc2 b5
47. axb5+ Kxb5 48. Rf5 1-0

[Event "Deutsche Ländermeisterschaft 2016"]
[Site "Hannover GER"]
[Date "2016.10.02"]
[Round "3"]
[White "Hesse, Henrik"]
[Black "Browning, Alex"]
[Result "1-0"]
[Termination "normal"]
[Board "6.3"]
[WhiteElo "1975"]
[BlackElo "2100"]
[WhiteTeam "Berlin"]
[BlackTeam "Nordrhein-Westfalen"]
[PlyCount "85"]
[WhiteFideId "12952060"]
[BlackFideId "12984019"]
[EventCountry "GER"]
[EventRounds "7"]
[EventType "team-swiss"]
[EventDate "2016.09.30"]

1. c4 Nf6 2. g3 g6 3. Bg2 Bg7 4. Nf3 O-O 5. O-O d6 6. Nc3 Nc6 7. d4 a6 8. e4
Bg4 9. h3 Bxf3 10. Bxf3 e5 11. d5 Nd4 12. Bg2 c5 13. Ne2 Qc7 14. Qd3 Rab8 15.
Nxd4 exd4 16. Bd2 Nd7 17. f4 b5 18. b3 Rfe8 19. Bf3 Re7 20. g4 h6 21. h4 f6 22.
e5 bxc4 23. bxc4 fxe5 24. Qxg6 Nf8 25. Qd3 Qd7 26. f5 Rf7 27. Be4 Nh7 28. g5
hxg5 29. hxg5 Bf8 30. Rf3 Rg7 31. f6 Nxf6 32. Bf5 e4 33. Bxd7 exd3 34. Be6+ Kh8
35. Rxf6 Be7 36. Rh6+ Rh7 37. Rxh7+ Kxh7 38. Rf1 Rb2 39. Rf2 Rxa2 40. Bf5+ Kg7
41. Bxd3 a5 42. g6 Bf6 43. Bh6+ 1-0

[Event "Deutsche Ländermeisterschaft 2016"]
[Site "Hannover GER"]
[Date "2016.10.02"]
[Round "3"]
[White "Wagner, Leopold Franziskus"]
[Black "Rosenhain, Rachela"]
[Result "1/2-1/2"]
[Termination "normal"]
[Board "6.4"]
[WhiteElo "1997"]
[BlackElo "1843"]
[WhiteTeam "Nordrhein-Westfalen"]
[BlackTeam "Berlin"]
[PlyCount "119"]
[WhiteFideId "1641581"]
[BlackFideId "12957615"]
[EventCountry "GER"]
[EventRounds "7"]
[EventType "team-swiss"]
[EventDate "2016.09.30"]

1. d4 Nf6 2. Nf3 g6 3. Bg5 Bg7 4. Nbd2 d6 5. e4 Nbd7 6. Bc4 O-O 7. e5 dxe5 8.
dxe5 Ng4 9. e6 Nde5 10. Nxe5 Nxe5 11. exf7+ Nxf7 12. c3 Qd6 13. Bxf7+ Rxf7 14.
O-O Bf5 15. Re1 e5 16. Qb3 c6 17. Rad1 Qc5 18. Be3 Qf8 19. Nf1 b6 20. Ng3 Re8
21. Rd2 Be6 22. Qc2 Rd8 23. b3 Rxd2 24. Qxd2 Rd7 25. Qe2 Qd8 26. Ne4 Bd5 27.
Bg5 Qf8 28. c4 Bxe4 29. Qxe4 Qd6 30. h3 c5 31. Bh4 Qd4 32. Qa8+ Kf7 33. Bg3 h5
34. Qf3+ Kg8 35. Qc6 Kf7 36. Bxe5 Bxe5 37. g3 Re7 38. Kg2 Bf6 39. Rxe7+ Bxe7
40. Qf3+ Qf6 41. Qd5+ Kg7 42. Qd7 a5 43. a4 Qe5 44. Qb7 Qd6 45. Qe4 Bd8 46. Qf3
Bc7 47. h4 Qe5 48. Qc6 Kf7 49. Qd7+ Qe7 50. Qc6 Qd6 51. Qf3+ Ke7 52. Qe4+ Qe6
53. Qd3 Bd6 54. Qf3 Kd7 55. Kh2 Qg4 56. Qb7+ Bc7 57. Qd5+ Ke7 58. Qc6 Kd8 59.
Qd5+ Kc8 60. Qa8+ 1/2-1/2

[Event "Deutsche Ländermeisterschaft 2016"]
[Site "Hannover GER"]
[Date "2016.10.02"]
[Round "3"]
[White "Denkert, Anna"]
[Black "Runte, Moritz"]
[Result "1/2-1/2"]
[Termination "normal"]
[Board "6.5"]
[WhiteElo "1765"]
[BlackElo "1860"]
[WhiteTeam "Berlin"]
[BlackTeam "Nordrhein-Westfalen"]
[PlyCount "153"]
[WhiteFideId "12938122"]
[BlackFideId "12991449"]
[EventCountry "GER"]
[EventRounds "7"]
[EventType "team-swiss"]
[EventDate "2016.09.30"]

1. e4 e5 2. Nf3 Nc6 3. Bc4 Nf6 4. d3 Be7 5. c3 d6 6. h3 O-O 7. O-O Na5 8. Bb5
a6 9. Ba4 c5 10. Bc2 b5 11. a3 Bb7 12. Re1 Re8 13. Nbd2 Bf8 14. Qe2 Qc7 15. Nf1
c4 16. Ng3 cxd3 17. Qxd3 Rad8 18. Bg5 Be7 19. Bxf6 Bxf6 20. Rad1 g6 21. Qe3 Bg7
22. h4 Nc4 23. Qc1 d5 24. h5 dxe4 25. Bxe4 Bxe4 26. Nxe4 Qe7 27. hxg6 hxg6 28.
b4 a5 29. Rxd8 Rxd8 30. Nc5 f5 31. Nd4 Qh4 32. Nf3 Qf6 33. Nb7 Rd7 34. Nxa5
Nxa5 35. bxa5 e4 36. Nd4 Qa6 37. Nb3 Rc7 38. Re3 Bh6 39. Qd2 Qa7 40. Qd5+ Kh7
41. Rh3 e3 42. fxe3 Rxc3 43. Qxb5 Qf7 44. Nd4 Rc1+ 45. Kf2 f4 46. e4 Qg7 47.
Ne6 Rc2+ 48. Kg1 Qa7+ 49. Kh2 Rc1 50. Ng5+ Kg8 51. Qe8+ Kg7 52. Qf7+ Qxf7 53.
Nxf7 Kxf7 54. Rxh6 Kg7 55. Rh4 g5 56. Rh3 Kf6 57. Rh6+ Ke5 58. Rg6 Kxe4 59.
Rxg5 f3 60. gxf3+ Kxf3 61. Rf5+ Ke4 62. Rf8 Rc6 63. Rb8 Ra6 64. Rb5 Kd4 65. Kg3
Ke3 66. Kg4 Ke4 67. a4 Ra8 68. Kg5 Ra6 69. Rc5 Kd4 70. Rb5 Rc6 71. Kf5 Ra6 72.
Kf4 Rf6+ 73. Kg3 Ra6 74. Kf2 Kd3 75. Ke1 Ra8 76. Kd1 Kc3 77. Ke2 1/2-1/2

[Event "Deutsche Ländermeisterschaft 2016"]
[Site "Hannover GER"]
[Date "2016.10.02"]
[Round "3"]
[White "Möller, Lisa-Marie"]
[Black "Tham, Nam"]
[Result "1-0"]
[Termination "normal"]
[Board "6.6"]
[WhiteElo "1697"]
[BlackElo "1650"]
[WhiteTeam "Nordrhein-Westfalen"]
[BlackTeam "Berlin"]
[PlyCount "147"]
[WhiteFideId "12959367"]
[BlackFideId "12997331"]
[EventCountry "GER"]
[EventRounds "7"]
[EventType "team-swiss"]
[EventDate "2016.09.30"]

1. e4 e5 2. Bc4 Nf6 3. d4 exd4 4. Nf3 Bc5 5. e5 d5 6. exf6 dxc4 7. fxg7 Rg8 8.
Bg5 Qd5 9. Bf6 Qe6+ 10. Qe2 Qxe2+ 11. Kxe2 Nc6 12. Nbd2 Be6 13. Ne4 Bb6 14. Be5
O-O-O 15. Bf6 Rde8 16. Kd2 Bd5 17. Ng3 Re6 18. Nh5 h6 19. Rae1 Be4 20. Bh4 c3+
21. bxc3 dxc3+ 22. Kc1 Bxf3 23. gxf3 Ne5 24. f4 Ng6 25. Rxe6 fxe6 26. Bf6 Bxf2
27. Bxc3 Be3+ 28. Bd2 Bd4 29. f5 exf5 30. Bxh6 Ne7 31. Re1 Nd5 32. Re6 Kd7 33.
Rg6 Ke7 34. Kd2 Kf7 35. Rg2 Nf6 36. Nxf6 Bxf6 37. Ke3 Bxg7 38. Bxg7 Rxg7 39.
Rxg7+ Kxg7 40. Kf4 Kf6 41. h4 c5 42. h5 b5 43. h6 a5 44. h7 Kg7 45. Kxf5 a4 46.
Ke5 Kxh7 47. Kd5 c4 48. Kc5 Kg6 49. Kxb5 Kf5 50. Kxc4 Ke4 51. Kb4 Kd4 52. c4 a3
53. c5 Kd5 54. Kb5 Ke6 55. Kb6 Kd7 56. Kb7 Ke6 57. c6 Kd5 58. c7 Kc4 59. c8=Q+
Kd3 60. Qc1 Kd4 61. Qxa3 Kc4 62. Qb2 Kc5 63. a4 Kc4 64. a5 Kc5 65. a6 Kc4 66.
a7 Kc5 67. a8=R Kc4 68. Rc8+ Kd5 69. Qd2+ Ke6 70. Re8+ Kf7 71. Re1 Kf6 72. Qf2+
Kg5 73. Rg1+ Kh5 74. Qh2# 1-0

[Event "Deutsche Ländermeisterschaft 2016"]
[Site "Hannover GER"]
[Date "2016.10.02"]
[Round "3"]
[White "Schnabel, Luise"]
[Black "Müdder, Melanie"]
[Result "1-0"]
[Termination "normal"]
[Board "6.7"]
[WhiteElo "1615"]
[BlackElo "1565"]
[WhiteTeam "Berlin"]
[BlackTeam "Nordrhein-Westfalen"]
[PlyCount "87"]
[WhiteFideId "12943347"]
[BlackFideId "12994103"]
[EventCountry "GER"]
[EventRounds "7"]
[EventType "team-swiss"]
[EventDate "2016.09.30"]

1. e4 c5 2. Nf3 Nc6 3. d4 cxd4 4. Nxd4 e5 5. Nb5 a6 6. Nd6+ Bxd6 7. Qxd6 Qf6 8.
Qd2 Nge7 9. c4 O-O 10. Nc3 Qg6 11. Qg5 Qxg5 12. Bxg5 f6 13. Be3 f5 14. c5 Nb4
15. Bc4+ Kh8 16. Rc1 f4 17. Bd2 Rd8 18. Na4 Nbc6 19. Nb6 Ra7 20. Bc3 Nd4 21.
Bxd4 exd4 22. Rd1 Nc6 23. a3 d6 24. cxd6 Bg4 25. f3 Bh5 26. Bd5 Ne5 27. Rxd4
Bxf3 28. Kf2 Bg4 29. h3 Rxd6 30. Nc4 Nxc4 31. Rxc4 b5 32. Rc5 Bd7 33. Rhc1 h6
34. e5 Rb6 35. b4 Be6 36. Be4 Rb8 37. Rd1 Rd7 38. Rxd7 Bxd7 39. Rc7 Rd8 40. Kf3
g5 41. Bb7 Bf5 42. Rc3 Re8 43. Rc5 Re6 44. Bc8 1-0

[Event "Deutsche Ländermeisterschaft 2016"]
[Site "Hannover GER"]
[Date "2016.10.02"]
[Round "3"]
[White "Rudolph, Eva"]
[Black "Tham, Minh"]
[Result "1/2-1/2"]
[Termination "normal"]
[Board "6.8"]
[WhiteElo "1568"]
[BlackElo "1681"]
[WhiteTeam "Nordrhein-Westfalen"]
[BlackTeam "Berlin"]
[PlyCount "67"]
[WhiteFideId "16200594"]
[BlackFideId "12997323"]
[EventCountry "GER"]
[EventRounds "7"]
[EventType "team-swiss"]
[EventDate "2016.09.30"]

1. e4 e5 2. Nf3 Nc6 3. Bc4 Bc5 4. c3 Nf6 5. d3 d6 6. O-O a6 7. Bb3 O-O 8. h3 h6
9. Re1 Re8 10. Nbd2 d5 11. Qe2 Ba7 12. Nf1 dxe4 13. dxe4 Nh5 14. N3h2 Qf6 15.
Bc2 Ne7 16. Be3 Nf4 17. Bxf4 Qxf4 18. Ne3 Qf6 19. Nhg4 Qg5 20. Qf3 Ng6 21. Nd5
Bxg4 22. Qxg4 Qxg4 23. hxg4 Rac8 24. Rad1 c6 25. Ne3 Rcd8 26. Nf5 Bc5 27. g3
Ne7 28. Kg2 Nxf5 29. gxf5 Kf8 30. Bb3 Ke7 31. Kf3 Rd6 32. Rxd6 Bxd6 33. Rd1 Rd8
34. Ke2 1/2-1/2

[Event "Deutsche Ländermeisterschaft 2016"]
[Site "Hannover GER"]
[Date "2016.10.02"]
[Round "3"]
[White "Urban, Lars"]
[Black "Müller, Nick"]
[Result "1/2-1/2"]
[Termination "normal"]
[Board "7.1"]
[WhiteElo "2209"]
[BlackElo "2197"]
[WhiteTeam "Thüringen"]
[BlackTeam "Mecklenburg-Vorpommern"]
[PlyCount "103"]
[WhiteFideId "4644034"]
[BlackFideId "24692093"]
[EventCountry "GER"]
[EventRounds "7"]
[EventType "team-swiss"]
[EventDate "2016.09.30"]

1. d4 Nf6 2. c4 g6 3. f3 d5 4. cxd5 Nxd5 5. e4 Nb6 6. Nc3 Bg7 7. Be3 O-O 8. Qd2
Nc6 9. O-O-O Qd6 10. Kb1 Rd8 11. Nb5 Qd7 12. d5 a6 13. dxc6 Qxd2 14. Rxd2 Rxd2
15. Bxd2 axb5 16. cxb7 Bxb7 17. Bxb5 f5 18. exf5 Bd5 19. Ne2 Bxa2+ 20. Kc2 Bf7
21. Bc3 gxf5 22. Bxg7 Kxg7 23. Nd4 Kf6 24. g4 f4 25. Re1 Nd5 26. Bc6 Nb4+ 27.
Kc3 Na2+ 28. Kc2 Rd8 29. g5+ Kxg5 30. Re5+ Kf6 31. Rf5+ Kg7 32. Rxf4 Nb4+ 33.
Kc3 Rxd4 34. Rxd4 Nxc6 35. Rd7 Kf6 36. Rxc7 Bd5 37. f4 Ke6 38. b4 h5 39. b5 Nd8
40. b6 Kd6 41. f5 h4 42. Kd3 h3 43. Ke3 Nf7 44. Kf4 Ne5 45. Rc3 Bg2 46. b7 Bxb7
47. Rxh3 Nd7 48. Ra3 Bd5 49. h4 Nf6 50. Re3 Kd7 51. Kg5 Bf7 52. Re1 1/2-1/2

[Event "Deutsche Ländermeisterschaft 2016"]
[Site "Hannover GER"]
[Date "2016.10.02"]
[Round "3"]
[White "Schmekel, Florian"]
[Black "Nguyen, Huy Dat"]
[Result "0-1"]
[Termination "normal"]
[Board "7.2"]
[WhiteElo "1994"]
[BlackElo "2174"]
[WhiteTeam "Mecklenburg-Vorpommern"]
[BlackTeam "Thüringen"]
[PlyCount "110"]
[WhiteFideId "12913456"]
[BlackFideId "12923486"]
[EventCountry "GER"]
[EventRounds "7"]
[EventType "team-swiss"]
[EventDate "2016.09.30"]

1. d4 Nf6 2. c4 e6 3. Nf3 Bb4+ 4. Bd2 Be7 5. Nc3 d5 6. Bg5 Nbd7 7. e3 c6 8. Qc2
O-O 9. cxd5 exd5 10. Bd3 Re8 11. O-O h6 12. Bf4 Nh5 13. Nxd5 Nxf4 14. Nxf4 Nf6
15. Ne5 Bd6 16. Rfd1 Qe7 17. Qc3 Bxe5 18. dxe5 Qxe5 19. Qxe5 Rxe5 20. Be2 Bf5
21. Bf3 Ree8 22. Rd2 Rad8 23. Rad1 Rxd2 24. Rxd2 Kf8 25. Kf1 Ke7 26. Ke2 g5 27.
g4 Nxg4 28. Bxg4 Bxg4+ 29. f3 Bc8 30. Nh5 f5 31. h4 gxh4 32. Rd4 Rg8 33. Rxh4
Rg2+ 34. Kd3 Rxb2 35. Nf4 Rxa2 36. Rxh6 Bd7 37. Ng6+ Kd8 38. Ne5 Ra3+ 39. Kd2
Ra5 40. f4 Rd5+ 41. Kc3 a5 42. Rh8+ Kc7 43. Rh7 b5 44. Rf7 Kd8 45. Rf8+ Ke7 46.
Rf7+ Ke6 47. Rh7 Rd6 48. Nxd7 Rxd7 49. Rh6+ Kd5 50. Rf6 Ke4 51. Re6+ Kf3 52.
Rxc6 Kxe3 53. Rc5 b4+ 54. Kb2 Kxf4 55. Rxa5 Rd4 0-1

[Event "Deutsche Ländermeisterschaft 2016"]
[Site "Hannover GER"]
[Date "2016.10.02"]
[Round "3"]
[White "Scheftlein, Richard"]
[Black "Lange, Jannis"]
[Result "1-0"]
[Termination "normal"]
[Board "7.3"]
[WhiteElo "2092"]
[BlackElo "1849"]
[WhiteTeam "Thüringen"]
[BlackTeam "Mecklenburg-Vorpommern"]
[PlyCount "153"]
[WhiteFideId "12945609"]
[BlackFideId "12993107"]
[EventCountry "GER"]
[EventRounds "7"]
[EventType "team-swiss"]
[EventDate "2016.09.30"]

1. d4 d5 2. c4 e6 3. Nc3 Be7 4. Nf3 c6 5. e4 dxe4 6. Nxe4 Nf6 7. Bd3 Nbd7 8.
O-O O-O 9. Qe2 c5 10. Nxf6+ Bxf6 11. Be3 cxd4 12. Bxd4 Bxd4 13. Nxd4 Nc5 14.
Bxh7+ Kxh7 15. Qh5+ Kg8 16. Qxc5 Qf6 17. Rad1 Rd8 18. Nf3 b6 19. Rxd8+ Qxd8 20.
Qh5 Bb7 21. Ng5 Qf6 22. Rd1 Bc6 23. h4 g6 24. Qe2 Rd8 25. Rxd8+ Qxd8 26. Nxe6
Qf6 27. Ng5 Qf4 28. b3 Qxh4 29. Qe5 Qg4 30. f3 Qd7 31. Qf6 Qd1+ 32. Kh2 Qd7 33.
Nh3 Bb7 34. Nf4 Qc7 35. Kh3 Qc8+ 36. Kg3 Qc7 37. Kh3 Qc8+ 38. Kh2 Qc7 39. Kh1
Qd7 40. Nh3 Qd2 41. Kh2 Qe1 42. Qd8+ Kg7 43. Qc7 Ba8 44. Qb8 Bc6 45. Qc7 Ba8
46. Qb8 Bc6 47. Qd6 Bb7 48. a4 Qe3 49. Qf4 Qxf4+ 50. Nxf4 Kf6 51. Nd3 Kg5 52.
Kg3 Kf5 53. Kf2 Bc6 54. Ke3 f6 55. Nb4 Bb7 56. Nc2 Ke5 57. Nd4 a6 58. b4 Kd6
59. Nb3 Bc8 60. Kd4 g5 61. b5 axb5 62. axb5 g4 63. f4 g3 64. Nd2 Bb7 65. Ne4+
Ke7 66. Nxg3 Bxg2 67. c5 bxc5+ 68. Kxc5 Kd7 69. Kb6 Kc8 70. Ka7 Bf3 71. b6 Bc6
72. Nh5 f5 73. Ng7 Be4 74. Nxf5 Kd7 75. b7 Bxb7 76. Kxb7 Ke6 77. Ne3 1-0

[Event "Deutsche Ländermeisterschaft 2016"]
[Site "Hannover GER"]
[Date "2016.10.02"]
[Round "3"]
[White "Schumann, Rabea"]
[Black "Weishäutel, Moritz"]
[Result "1-0"]
[Termination "normal"]
[Board "7.4"]
[WhiteElo "1857"]
[BlackElo "1946"]
[WhiteTeam "Mecklenburg-Vorpommern"]
[BlackTeam "Thüringen"]
[PlyCount "61"]
[WhiteFideId "12918199"]
[BlackFideId "12967300"]
[EventCountry "GER"]
[EventRounds "7"]
[EventType "team-swiss"]
[EventDate "2016.09.30"]

1. c4 e6 2. Nf3 d5 3. g3 Nf6 4. Bg2 Be7 5. O-O O-O 6. d4 c6 7. b3 Nbd7 8. Bb2
b6 9. Nc3 Ba6 10. Nd2 Rc8 11. Re1 dxc4 12. Nxc4 c5 13. d5 exd5 14. Nxd5 Nxd5
15. Qxd5 Bf6 16. Bxf6 Nxf6 17. Qf5 Qd4 18. Red1 Qc3 19. Rac1 Qb4 20. e4 b5 21.
Nd6 Rc7 22. e5 Ne8 23. Nxe8 Rxe8 24. Rd7 Rxd7 25. Qxd7 Rf8 26. e6 Qa3 27. exf7+
Kh8 28. Qe7 Qxc1+ 29. Bf1 h6 30. Qxf8+ Kh7 31. Qg8+ 1-0

[Event "Deutsche Ländermeisterschaft 2016"]
[Site "Hannover GER"]
[Date "2016.10.02"]
[Round "3"]
[White "Grund, Sebastian"]
[Black "Focke, Adrian"]
[Result "1-0"]
[Termination "normal"]
[Board "7.5"]
[WhiteElo "1859"]
[BlackElo "1739"]
[WhiteTeam "Thüringen"]
[BlackTeam "Mecklenburg-Vorpommern"]
[PlyCount "111"]
[WhiteFideId "12988626"]
[BlackFideId "12969869"]
[EventCountry "GER"]
[EventRounds "7"]
[EventType "team-swiss"]
[EventDate "2016.09.30"]

1. d4 Nf6 2. Nf3 e6 3. c4 Bb4+ 4. Bd2 Bxd2+ 5. Nbxd2 d5 6. g3 O-O 7. Bg2 b6 8.
O-O Bb7 9. Rc1 Nbd7 10. Re1 c5 11. cxd5 Nxd5 12. e4 N5f6 13. e5 Nd5 14. Ne4 Ne7
15. Nd6 Bd5 16. a3 Nc8 17. Ne4 Ne7 18. dxc5 Bxe4 19. Rxe4 Nxc5 20. Rd4 Qe8 21.
b4 Na6 22. Bf1 Nb8 23. Rc7 Nd5 24. Rc1 Nd7 25. Bc4 f6 26. Bxd5 exd5 27. Rxd5
Nxe5 28. Nxe5 fxe5 29. Rc7 Qe6 30. Rdd7 Qf6 31. Qd5+ Kh8 32. Rf7 Qg6 33. Rxf8+
Rxf8 34. Qxe5 Qg4 35. Rf7 Rd8 36. Qd6 Qc8 37. Rc7 Qa8 38. Qc6 Qb8 39. Qb7 Rd1+
40. Kg2 Qf8 41. Rf7 Qg8 42. Qxa7 Rd8 43. Qb7 Rb8 44. Qf3 Qd8 45. Rb7 Rc8 46.
Qf7 Qd4 47. Re7 h6 48. Qf5 Rd8 49. Qe5 Qg4 50. h3 Qg6 51. Re6 Qf7 52. Rxh6+ Kg8
53. Rxb6 Qa7 54. Qe6+ Kh8 55. Rb5 Qa8+ 56. Kh2 1-0

[Event "Deutsche Ländermeisterschaft 2016"]
[Site "Hannover GER"]
[Date "2016.10.02"]
[Round "3"]
[White "Troyke, Jannis"]
[Black "Nguyen, Ha Thanh"]
[Result "0-1"]
[Termination "normal"]
[Board "7.6"]
[WhiteElo "1726"]
[BlackElo "1732"]
[WhiteTeam "Mecklenburg-Vorpommern"]
[BlackTeam "Thüringen"]
[PlyCount "64"]
[WhiteFideId "12993115"]
[BlackFideId "12942154"]
[EventCountry "GER"]
[EventRounds "7"]
[EventType "team-swiss"]
[EventDate "2016.09.30"]

1. e4 c5 2. Nf3 Nc6 3. Bb5 g6 4. O-O Bg7 5. Bxc6 bxc6 6. d3 d6 7. c3 Nf6 8. Re1
O-O 9. h3 Rb8 10. Qc2 Bd7 11. Nbd2 e5 12. b3 Ne8 13. Ba3 f5 14. Nc4 fxe4 15.
dxe4 Bxh3 16. gxh3 Rxf3 17. Kg2 Rf4 18. Rg1 Qh4 19. Bc1 Rf7 20. Be3 d5 21. Nd2
d4 22. Nf3 Rxf3 23. Kxf3 dxe3 24. Kxe3 Qxh3+ 25. Rg3 Bh6+ 26. Kf3 Qe6 27. Rag1
Bf4 28. R3g2 Rd8 29. Rh1 Nf6 30. Qb1 Rd2 31. a3 g5 32. Rh4 h5 0-1

[Event "Deutsche Ländermeisterschaft 2016"]
[Site "Hannover GER"]
[Date "2016.10.02"]
[Round "3"]
[White "Schulz, Theresa Charlotte"]
[Black "Eulitz, Charlotte"]
[Result "1-0"]
[Termination "normal"]
[Board "7.7"]
[WhiteElo "1604"]
[BlackElo "1465"]
[WhiteTeam "Thüringen"]
[BlackTeam "Mecklenburg-Vorpommern"]
[PlyCount "145"]
[WhiteFideId "12952206"]
[BlackFideId "12964654"]
[EventCountry "GER"]
[EventRounds "7"]
[EventType "team-swiss"]
[EventDate "2016.09.30"]

1. e4 e5 2. Nf3 Nc6 3. Bb5 a6 4. Ba4 Nf6 5. Qe2 b5 6. Bb3 Be7 7. a4 Rb8 8. axb5
axb5 9. c3 b4 10. Bd5 bxc3 11. dxc3 Bb7 12. Nbd2 d6 13. Qc4 Qd7 14. Bxf7+ Kf8
15. Ng5 Nd8 16. Ne6+ Nxe6 17. Bxe6 Qd8 18. Ra7 Bc8 19. Bd5 Nxd5 20. exd5 Rb7
21. Ra8 Kf7 22. Nb3 Bg5 23. Rxc8 Qxc8 24. Bxg5 Qf5 25. Bc1 Qb1 26. O-O Qa2 27.
Qc6 Rhb8 28. Nd2 Kg8 29. c4 Qa5 30. Qd7 Rf8 31. Qe6+ Kh8 32. Ne4 Qa8 33. Ng5
Qe8 34. Qh3 Qg6 35. Ne6 Re8 36. f4 h6 37. fxe5 dxe5 38. Qf5 Qxf5 39. Rxf5 Rb4
40. c5 Rc4 41. Bd2 Re7 42. Bc3 e4 43. Nxg7 Rxg7 44. Rf7 Rxc3 45. Rf8+ Kh7 46.
bxc3 Rd7 47. c4 Kg7 48. Re8 c6 49. d6 Kf6 50. Rxe4 Ra7 51. Kf2 Ra2+ 52. Kf3
Ra3+ 53. Re3 Ra7 54. Kg4 Ra4 55. Re4 Ra2 56. Kf3 Ra3+ 57. Re3 Ra7 58. Rb3 Ke6
59. Rb6 Kd7 60. g4 Ra1 61. Rb7+ Kd8 62. Rh7 Ra3+ 63. Ke4 Rh3 64. g5 Rh4+ 65.
Kf5 Rxc4 66. gxh6 Rxc5+ 67. Ke6 Kc8 68. Rh8+ Kb7 69. d7 Rc1 70. d8=Q Re1+ 71.
Kf6 Rf1+ 72. Kg6 Rg1+ 73. Kh7 1-0

[Event "Deutsche Ländermeisterschaft 2016"]
[Site "Hannover GER"]
[Date "2016.10.02"]
[Round "3"]
[White "Wucherer, Sophie"]
[Black "Reuter, Elisa"]
[Result "0-1"]
[Termination "normal"]
[Board "7.8"]
[WhiteElo "1213"]
[BlackElo "1652"]
[WhiteTeam "Mecklenburg-Vorpommern"]
[BlackTeam "Thüringen"]
[PlyCount "61"]
[WhiteFideId "16225473"]
[BlackFideId "12995444"]
[EventCountry "GER"]
[EventRounds "7"]
[EventType "team-swiss"]
[EventDate "2016.09.30"]

1. d4 f5 2. e3 Nf6 3. b3 g6 4. Bb2 Bg7 5. Nf3 O-O 6. Bc4+ e6 7. Nc3 d5 8. Bd3
b6 9. Qe2 Bb7 10. O-O Ne4 11. Rad1 Nd7 12. Rfe1 Re8 13. h3 c6 14. a4 Qc7 15.
Rc1 a6 16. Qf1 c5 17. Nd1 Rec8 18. c4 Qd8 19. Rc2 h6 20. Qe2 Qe7 21. Rc1 Kh7
22. Kh1 Bf6 23. Rf1 Qg7 24. Kg1 g5 25. dxc5 Bxb2 26. Nxb2 Ndxc5 27. Rfd1 Nxb3
28. Rc2 Nc3 29. Rxc3 Qxc3 30. Nd4 Nxd4 31. exd4 0-1

[Event "Deutsche Ländermeisterschaft 2016"]
[Site "Hannover GER"]
[Date "2016.10.02"]
[Round "3"]
[White "Grigorian, Spartak"]
[Black "Kitze, Alexander"]
[Result "1-0"]
[Termination "normal"]
[Board "8.1"]
[WhiteElo "2293"]
[BlackElo "2159"]
[WhiteTeam "Bremen & Friends"]
[BlackTeam "Sachsen-Anhalt"]
[PlyCount "87"]
[WhiteFideId "24661490"]
[BlackFideId "12914827"]
[EventCountry "GER"]
[EventRounds "7"]
[EventType "team-swiss"]
[EventDate "2016.09.30"]

1. d4 Nf6 2. c4 g6 3. Nc3 d5 4. cxd5 Nxd5 5. e4 Nxc3 6. bxc3 Bg7 7. Nf3 c5 8.
Rb1 O-O 9. Be2 cxd4 10. cxd4 b6 11. O-O Bb7 12. d5 Nd7 13. Ba3 Rc8 14. Qa4 a6
15. Rfc1 Rxc1+ 16. Rxc1 Nc5 17. Bxc5 bxc5 18. Bxa6 Qa8 19. Bb5 e6 20. Qxa8 Rxa8
21. dxe6 fxe6 22. Bc4 Bxe4 23. Bxe6+ Kh8 24. Ng5 Bf5 25. Nf7+ Kg8 26. Nh6+ Kh8
27. Nxf5 gxf5 28. Rxc5 Re8 29. g3 Rxe6 30. Rc8+ Bf8 31. Rxf8+ Kg7 32. Ra8 Kg6
33. Kg2 Rc6 34. a4 Rc4 35. a5 Ra4 36. a6 Ra3 37. Ra7 Ra2 38. Kf3 Ra3+ 39. Kf4
Ra4+ 40. Ke5 Ra5+ 41. Ke6 Ra2 42. Ra8 Re2+ 43. Kd5 Kg5 44. Rb8 1-0

[Event "Deutsche Ländermeisterschaft 2016"]
[Site "Hannover GER"]
[Date "2016.10.02"]
[Round "3"]
[White "Biastoch, Bennet"]
[Black "Kardoeus, David"]
[Result "1/2-1/2"]
[Termination "normal"]
[Board "8.2"]
[WhiteElo "2117"]
[BlackElo "2168"]
[WhiteTeam "Sachsen-Anhalt"]
[BlackTeam "Bremen & Friends"]
[PlyCount "120"]
[WhiteFideId "12939889"]
[BlackFideId "12912050"]
[EventCountry "GER"]
[EventRounds "7"]
[EventType "team-swiss"]
[EventDate "2016.09.30"]

1. e4 e5 2. Nf3 Nc6 3. Bb5 a6 4. Ba4 Nf6 5. O-O b5 6. Bb3 Be7 7. Re1 O-O 8. c3
d5 9. exd5 Nxd5 10. Nxe5 Nxe5 11. Rxe5 c6 12. d3 Bf6 13. Re1 Bf5 14. Qf3 Re8
15. Rxe8+ Qxe8 16. Bd2 Qe6 17. Na3 Re8 18. h3 Qd7 19. Nc2 Bg6 20. Bxd5 Qxd5 21.
Qxd5 cxd5 22. Nb4 d4 23. Nxa6 Bxd3 24. Nc5 dxc3 25. Bxc3 Bxc3 26. Nxd3 Rd8 27.
Rd1 Bf6 28. Kf1 h5 29. b3 Bc3 30. Ke2 Ra8 31. Nc1 Bb2 32. Kd3 Bxc1 33. Rxc1
Rxa2 34. Rc2 Ra8 35. Rc5 Ra2 36. Ke3 b4 37. Rb5 g6 38. Rxb4 Rb2 39. Rb7 Kg7 40.
g3 h4 41. gxh4 Rc2 42. Rd7 Kh6 43. b4 Rb2 44. Rd4 f5 45. f3 Rb3+ 46. Ke2 Rb2+
47. Kd3 Rb3+ 48. Kc4 Rxf3 49. b5 Rxh3 50. b6 Re3 51. b7 Re8 52. Kb5 g5 53.
hxg5+ Kxg5 54. Rc4 Rb8 55. Kb6 f4 56. Rc8 Rxb7+ 57. Kxb7 f3 58. Rf8 Kg4 59. Kc6
Kg3 60. Kd5 f2 1/2-1/2